[Event "Blitz 2018"]
[Site "Saint-Petersburg"]
[Date "2018.12.29"]
[Round "11"]
[Board "97"]
[White "Perdomo Carlos Andres (COL)"]
[Black "Kobo Ori (ISR)"]
[Result "0-1"]
[BlackElo "2401"]
[WhiteElo "2301"]
[LiveChessVersion "1.4.8"]

1. c4 {[%clk 0:03:02]} b6 {[%clk 0:03:03]} 2. Nc3 {[%clk 0:02:59]} Bb7
{[%clk 0:03:05]} 3. e4 {[%clk 0:02:48]} Nf6 {[%clk 0:03:05]} 4. f3
{[%clk 0:02:46]} e5 {[%clk 0:02:53]} 5. d4 {[%clk 0:02:38]} exd4 {[%clk 0:02:48]}
6. Qxd4 {[%clk 0:02:38]} Nc6 {[%clk 0:02:38]} 7. Qf2 {[%clk 0:02:14]} Bb4
{[%clk 0:02:27]} 8. Nge2 {[%clk 0:02:11]} O-O {[%clk 0:02:25]} 9. a3
{[%clk 0:02:10]} Bc5 {[%clk 0:02:27]} 10. Be3 {[%clk 0:02:11]} Bxe3
{[%clk 0:02:19]} 11. Qxe3 {[%clk 0:02:12]} Na5 {[%clk 0:02:08]} 12. Nd4
{[%clk 0:01:43]} Re8 {[%clk 0:01:55]} 13. b4 {[%clk 0:01:35]} Nc6
{[%clk 0:01:55]} 14. Nxc6 {[%clk 0:01:31]} Bxc6 {[%clk 0:01:56]} 15. Be2
{[%clk 0:01:26]} Qe7 {[%clk 0:01:48]} 16. Qd4 {[%clk 0:01:06]} a5
{[%clk 0:01:44]} 17. Rb1 {[%clk 0:00:53]} axb4 {[%clk 0:01:44]} 18. axb4
{[%clk 0:00:54]} Nh5 {[%clk 0:01:34]} 19. O-O {[%clk 0:00:45]} Nf4
{[%clk 0:01:35]} 20. g3 {[%clk 0:00:28]} Nxe2+ {[%clk 0:01:30]} 21. Nxe2
{[%clk 0:00:29]} f5 {[%clk 0:01:27]} 22. Nc3 {[%clk 0:00:16]} fxe4
{[%clk 0:01:28]} 23. fxe4 {[%clk 0:00:17]} Qe5 {[%clk 0:01:11]} 24. Qxe5
{[%clk 0:00:16]} Rxe5 25. Rbd1 d6 {[%clk 0:01:10]} 26. Rf4 {[%clk 0:00:15]} g5
{[%clk 0:00:47]} 27. Rf5 {[%clk 0:00:17]} Rae8 {[%clk 0:00:45]} 28. Rxe5
{[%clk 0:00:17]} Rxe5 {[%clk 0:00:45]} 29. Rd4 {[%clk 0:00:18]} Re7
{[%clk 0:00:28]} 30. Kf2 {[%clk 0:00:17]} Rf7+ {[%clk 0:00:27]} 31. Ke2
{[%clk 0:00:16]} Bd7 {[%clk 0:00:27]} 32. Nd5 {[%clk 0:00:14]} Bg4+
{[%clk 0:00:28]} 33. Ke1 {[%clk 0:00:14]} Bf3 {[%clk 0:00:26]} 34. Nc3
{[%clk 0:00:07]} Kg7 {[%clk 0:00:26]} 35. Kd2 {[%clk 0:00:08]} Bh5
{[%clk 0:00:21]} 36. Ke1 {[%clk 0:00:08]} Bf3 {[%clk 0:00:21]} 37. Nd5
{[%clk 0:00:06]} c5 {[%clk 0:00:16]} 38. Rd2 {[%clk 0:00:05]} Bxe4
{[%clk 0:00:16]} 39. Nxb6 {[%clk 0:00:06]} cxb4 {[%clk 0:00:17]} 40. Rxd6
{[%clk 0:00:07]} b3 {[%clk 0:00:18]} 41. Na4 {[%clk 0:00:08]} Ra7
{[%clk 0:00:18]} 42. Nc3 {[%clk 0:00:09]} b2 {[%clk 0:00:16]} 43. Rb6
{[%clk 0:00:10]} Ra1+ {[%clk 0:00:17]} 44. Kd2 {[%clk 0:00:11]} b1=Q
{[%clk 0:00:17]} 45. Nxb1 {[%clk 0:00:12]} Bxb1 {[%clk 0:00:14]} 46. c5
{[%clk 0:00:11]} Ra2+ {[%clk 0:00:11]} 47. Kc3 {[%clk 0:00:12]} Be4
{[%clk 0:00:11]} 48. Kd4 {[%clk 0:00:11]} Bf3 {[%clk 0:00:10]} 49. Rb3
{[%clk 0:00:10]} g4 {[%clk 0:00:10]} 50. Rc3 {[%clk 0:00:05]} Ra6
{[%clk 0:00:09]} 51. Ke5 {[%clk 0:00:05]} Rc6 {[%clk 0:00:05]} 52. Kf4
{[%clk 0:00:06]} Kf6 {[%clk 0:00:05]} 53. h3 {[%clk 0:00:08]} h5 {[%clk 0:00:07]}
54. hxg4 {[%clk 0:00:09]} hxg4 {[%clk 0:00:07]} 55. Rc4 {[%clk 0:00:08]} Ke6
{[%clk 0:00:07]} 56. Rc3 {[%clk 0:00:08]} Kd5 {[%clk 0:00:08]} 57. Rc2
{[%clk 0:00:07]} Rxc5 {[%clk 0:00:09]} 58. Rd2+ {[%clk 0:00:08]} Ke6
{[%clk 0:00:08]} 59. Rd4 {[%clk 0:00:09]} Rf5+ {[%clk 0:00:09]} 60. Ke3
{[%clk 0:00:09]} Ke5 {[%clk 0:00:08]} 61. Rb4 {[%clk 0:00:10]} Kf6
{[%clk 0:00:08]} 62. Rb6+ {[%clk 0:00:11]} Kg5 {[%clk 0:00:09]} 63. Rb8
{[%clk 0:00:13]} Re5+ {[%clk 0:00:11]} 64. Kd4 {[%clk 0:00:13]} Re1
{[%clk 0:00:10]} 65. Rg8+ {[%clk 0:00:14]} Kf6 {[%clk 0:00:11]} 66. Rf8+
{[%clk 0:00:15]} Ke7 {[%clk 0:00:12]} 67. Rf4 {[%clk 0:00:15]} Rg1
{[%clk 0:00:13]} 68. Ke5 {[%clk 0:00:16]} Rxg3 {[%clk 0:00:12]} 69. Ra4
{[%clk 0:00:17]} Kd7 {[%clk 0:00:11]} 70. Ra7+ {[%clk 0:00:17]} Kc6
{[%clk 0:00:12]} 71. Kf4 {[%clk 0:00:19]} Rg1 {[%clk 0:00:13]} 72. Ra3
{[%clk 0:00:19]} Kd5 {[%clk 0:00:13]} 73. Ra5+ {[%clk 0:00:20]} Kd4
{[%clk 0:00:14]} 74. Ra4+ {[%clk 0:00:21]} Kd3 {[%clk 0:00:15]} 75. Ra3+
{[%clk 0:00:22]} Ke2 {[%clk 0:00:13]} 76. Ra2+ {[%clk 0:00:23]} Kd3
{[%clk 0:00:11]} 77. Ra3+ {[%clk 0:00:24]} Kc4 {[%clk 0:00:12]} 78. Ra4+
{[%clk 0:00:25]} Kb5 {[%clk 0:00:12]} 79. Ra2 {[%clk 0:00:25]} Rc1
{[%clk 0:00:12]} 80. Kg3 {[%clk 0:00:25]} Rc3 {[%clk 0:00:11]} 81. Kf4
{[%clk 0:00:25]} Kc4 {[%clk 0:00:13]} 82. Ra4+ {[%clk 0:00:27]} Kd3
{[%clk 0:00:14]} 83. Ra7 {[%clk 0:00:27]} Ke2 {[%clk 0:00:13]} 84. Kg3
{[%clk 0:00:28]} Rd3 {[%clk 0:00:11]} 85. Re7+ {[%clk 0:00:29]} Kf1
{[%clk 0:00:11]} 86. Ra7 {[%clk 0:00:30]} Bd1+ {[%clk 0:00:11]} 87. Kf4
{[%clk 0:00:30]} g3 {[%clk 0:00:11]} 88. Ra1 {[%clk 0:00:28]} g2 {[%clk 0:00:11]}
89. Ke4 {[%clk 0:00:30]} Rd8 {[%clk 0:00:09]} 0-1

[Event "Blitz 2018"]
[Site "Saint-Petersburg"]
[Date "2018.12.29"]
[Round "11"]
[Board "98"]
[White "Ovchinnikov Vsevolod (RUS)"]
[Black "Al Turky Fahad A (KSA)"]
[Result "0-1"]
[BlackElo "1851"]
[WhiteElo "2375"]
[LiveChessVersion "1.4.8"]

1. Nf3 {[%clk 0:03:02]} d5 {[%clk 0:03:01]} 2. e3 {[%clk 0:03:03]} Nf6
{[%clk 0:03:01]} 3. c4 {[%clk 0:03:04]} c6 {[%clk 0:02:54]} 4. b3
{[%clk 0:03:05]} Bg4 {[%clk 0:02:54]} 5. Bb2 {[%clk 0:03:05]} e6 {[%clk 0:02:40]}
6. Nc3 {[%clk 0:03:05]} Bd6 {[%clk 0:02:35]} 7. h3 {[%clk 0:02:53]} Bh5
{[%clk 0:02:36]} 8. d4 {[%clk 0:02:54]} O-O {[%clk 0:02:33]} 9. Be2
{[%clk 0:02:50]} Nbd7 {[%clk 0:02:32]} 10. O-O {[%clk 0:02:49]} Re8
{[%clk 0:02:30]} 11. Rc1 {[%clk 0:02:44]} e5 {[%clk 0:02:04]} 12. dxe5
{[%clk 0:02:42]} Nxe5 {[%clk 0:02:00]} 13. cxd5 {[%clk 0:02:34]} cxd5
{[%clk 0:01:52]} 14. Nxe5 {[%clk 0:01:50]} Bxe2 {[%clk 0:01:30]} 15. Nxf7
{[%clk 0:01:32]} Bxd1 {[%clk 0:01:18]} 16. Nxd8 {[%clk 0:01:32]} Raxd8
{[%clk 0:00:55]} 17. Rfxd1 {[%clk 0:01:32]} Be5 {[%clk 0:00:50]} 18. Na4
{[%clk 0:01:29]} Bxb2 {[%clk 0:00:45]} 19. Nxb2 {[%clk 0:01:30]} Rc8
{[%clk 0:00:35]} 20. Nd3 {[%clk 0:01:24]} d4 {[%clk 0:00:30]} 21. exd4
{[%clk 0:00:52]} Rxc1 {[%clk 0:00:31]} 22. Nxc1 {[%clk 0:00:35]} Rd8
{[%clk 0:00:32]} 23. Ne2 {[%clk 0:00:32]} Nd5 {[%clk 0:00:22]} 24. Rc1
{[%clk 0:00:29]} Rd7 {[%clk 0:00:21]} 25. a3 {[%clk 0:00:28]} Ne7
{[%clk 0:00:18]} 26. f3 {[%clk 0:00:18]} Nf5 {[%clk 0:00:19]} 27. Rd1
{[%clk 0:00:15]} Kf7 {[%clk 0:00:18]} 28. Kf2 {[%clk 0:00:16]} g5
{[%clk 0:00:15]} 29. g4 {[%clk 0:00:15]} Ne7 {[%clk 0:00:11]} 30. Kg3
{[%clk 0:00:09]} Nc6 {[%clk 0:00:10]} 31. h4 {[%clk 0:00:09]} h6 {[%clk 0:00:10]}
32. hxg5 {[%clk 0:00:10]} hxg5 {[%clk 0:00:12]} 33. Kf2 {[%clk 0:00:10]} Na5
{[%clk 0:00:12]} 34. Rd3 {[%clk 0:00:11]} b6 {[%clk 0:00:10]} 35. Ng3
{[%clk 0:00:11]} Nb7 {[%clk 0:00:08]} 36. Ne4 {[%clk 0:00:11]} Kg6
{[%clk 0:00:08]} 37. d5 {[%clk 0:00:12]} a5 {[%clk 0:00:07]} 38. Ke3
{[%clk 0:00:13]} Nd6 {[%clk 0:00:06]} 39. Nxd6 {[%clk 0:00:14]} Rxd6
{[%clk 0:00:07]} 40. Ke4 {[%clk 0:00:15]} Kf6 {[%clk 0:00:08]} 41. Rc3
{[%clk 0:00:16]} Rd7 {[%clk 0:00:05]} 42. Rc6+ {[%clk 0:00:17]} Ke7
{[%clk 0:00:05]} 43. Rxb6 {[%clk 0:00:18]} Rd6 {[%clk 0:00:06]} 44. Rxd6
{[%clk 0:00:19]} Kxd6 {[%clk 0:00:07]} 45. Kd4 {[%clk 0:00:20]} Kd7
{[%clk 0:00:06]} 46. b4 {[%clk 0:00:22]} a4 {[%clk 0:00:06]} 47. Kc5
{[%clk 0:00:22]} Ke7 {[%clk 0:00:07]} 48. b5 {[%clk 0:00:24]} 0-1

[Event "Blitz 2018"]
[Site "Saint-Petersburg"]
[Date "2018.12.29"]
[Round "11"]
[Board "99"]
[White "Khayat Abdullah F (KSA)"]
[Black "Alsulaymi Abdullah M (KSA)"]
[Result "0-1"]
[BlackElo "1833"]
[WhiteElo "1709"]
[LiveChessVersion "1.4.8"]

1. d4 {[%clk 0:03:02]} Nf6 {[%clk 0:03:03]} 2. Nf3 {[%clk 0:03:02]} g6
{[%clk 0:03:03]} 3. g3 {[%clk 0:03:04]} Bg7 4. Bg2 O-O {[%clk 0:03:04]} 5. O-O d6
6. c3 {[%clk 0:03:07]} Nbd7 {[%clk 0:03:04]} 7. Re1 {[%clk 0:03:09]} e5
{[%clk 0:03:06]} 8. dxe5 {[%clk 0:03:06]} dxe5 {[%clk 0:03:06]} 9. e4
{[%clk 0:03:06]} a5 {[%clk 0:02:47]} 10. a4 {[%clk 0:03:07]} Rb8 {[%clk 0:02:45]}
11. Bg5 {[%clk 0:03:07]} h6 {[%clk 0:02:45]} 12. Bc1 {[%clk 0:02:44]} Re8
{[%clk 0:02:44]} 13. Nbd2 {[%clk 0:02:44]} Nc5 {[%clk 0:02:40]} 14. Qc2
{[%clk 0:02:30]} Nd3 {[%clk 0:02:34]} 15. Re3 {[%clk 0:02:14]} Nxf2
{[%clk 0:02:21]} 16. Kxf2 Ng4+ 17. Ke2 {[%clk 0:01:44]} Nxe3 {[%clk 0:02:23]} 18.
Kxe3 {[%clk 0:01:45]} f5 {[%clk 0:02:19]} 19. exf5 {[%clk 0:01:14]} Bxf5
{[%clk 0:02:20]} 20. Qb3+ {[%clk 0:00:48]} Kh8 {[%clk 0:02:21]} 21. Nh4
{[%clk 0:00:37]} Qd3+ {[%clk 0:02:08]} 22. Kf2 {[%clk 0:00:31]} e4
{[%clk 0:02:04]} 23. Nxf5 {[%clk 0:00:18]} gxf5 {[%clk 0:02:03]} 24. Nc4
{[%clk 0:00:13]} Rbd8 {[%clk 0:01:47]} 25. Be3 {[%clk 0:00:14]} Qd5
{[%clk 0:01:36]} 26. Nd2 {[%clk 0:00:08]} Qxb3 {[%clk 0:01:26]} 27. Nxb3
{[%clk 0:00:09]} b6 {[%clk 0:01:24]} 28. Nd4 {[%clk 0:00:10]} c5 {[%clk 0:01:21]}
29. Ne2 {[%clk 0:00:05]} Rd6 {[%clk 0:01:11]} 30. Nf4 {[%clk 0:00:07]} Red8
{[%clk 0:01:08]} 31. Bf1 {[%clk 0:00:08]} Kh7 {[%clk 0:01:03]} 32. Be2
{[%clk 0:00:09]} Be5 {[%clk 0:01:00]} 33. h3 {[%clk 0:00:08]} Rg8
{[%clk 0:00:56]} 34. Rd1 {[%clk 0:00:08]} Rxd1 {[%clk 0:00:55]} 35. Bxd1
{[%clk 0:00:10]} Rd8 {[%clk 0:00:50]} 36. Be2 {[%clk 0:00:10]} Rd6
{[%clk 0:00:38]} 37. h4 {[%clk 0:00:10]} Kg7 {[%clk 0:00:34]} 38. Bc4
{[%clk 0:00:09]} Rd1 {[%clk 0:00:25]} 39. Nh5+ {[%clk 0:00:07]} Kg6
{[%clk 0:00:24]} 40. Nf4+ {[%clk 0:00:06]} Bxf4 {[%clk 0:00:24]} 41. Bxf4
{[%clk 0:00:07]} Rb1 {[%clk 0:00:25]} 42. Ke3 {[%clk 0:00:05]} Rxb2
{[%clk 0:00:25]} 43. Be5 {[%clk 0:00:06]} Rb1 {[%clk 0:00:20]} 44. Kf4
{[%clk 0:00:06]} Ra1 {[%clk 0:00:17]} 45. h5+ {[%clk 0:00:07]} Kh7
{[%clk 0:00:16]} 46. Bf7 {[%clk 0:00:06]} Rxa4 {[%clk 0:00:12]} 47. Kxf5
{[%clk 0:00:06]} e3 {[%clk 0:00:11]} 48. Bg6+ {[%clk 0:00:07]} Kg8
{[%clk 0:00:11]} 49. Kf4 {[%clk 0:00:06]} e2+ {[%clk 0:00:12]} 0-1

[Event "Blitz 2018"]
[Site "Saint-Petersburg"]
[Date "2018.12.29"]
[Round "11"]
[Board "100"]
[White "Al Thebaiti Ahmed M (KSA)"]
[Black "Masrahi Abdulrahman A (KSA)"]
[Result "1-0"]
[BlackElo "1966"]
[WhiteElo "1976"]
[LiveChessVersion "1.4.8"]

1. Nf3 {[%clk 0:03:02]} d5 {[%clk 0:03:03]} 2. e3 {[%clk 0:03:00]} Nf6
{[%clk 0:03:04]} 3. b3 {[%clk 0:02:59]} Bf5 {[%clk 0:03:03]} 4. c4
{[%clk 0:02:55]} e6 {[%clk 0:03:03]} 5. Bb2 {[%clk 0:02:54]} Be7 {[%clk 0:03:02]}
6. Nc3 {[%clk 0:02:53]} h6 {[%clk 0:03:01]} 7. Be2 {[%clk 0:02:48]} c6
{[%clk 0:03:00]} 8. O-O {[%clk 0:02:47]} O-O {[%clk 0:03:00]} 9. Re1
{[%clk 0:02:26]} Nbd7 {[%clk 0:03:00]} 10. d4 {[%clk 0:02:23]} Bd6
{[%clk 0:02:53]} 11. cxd5 {[%clk 0:02:09]} exd5 {[%clk 0:02:53]} 12. Rc1
{[%clk 0:01:58]} Qe7 {[%clk 0:02:50]} 13. Bf1 {[%clk 0:01:52]} Rfe8
{[%clk 0:02:47]} 14. Qd2 {[%clk 0:01:25]} Bb4 {[%clk 0:02:45]} 15. Qd1
{[%clk 0:01:02]} Ne4 {[%clk 0:02:33]} 16. Bd3 {[%clk 0:00:46]} Bg6
{[%clk 0:01:30]} 17. Rf1 {[%clk 0:00:37]} f5 {[%clk 0:01:30]} 18. Nb1
{[%clk 0:00:26]} Bd6 {[%clk 0:01:17]} 19. a3 {[%clk 0:00:24]} Rf8
{[%clk 0:01:17]} 20. b4 {[%clk 0:00:24]} a6 {[%clk 0:01:17]} 21. Nc3
{[%clk 0:00:24]} Rae8 {[%clk 0:01:16]} 22. Na4 {[%clk 0:00:25]} Bh5
{[%clk 0:01:01]} 23. Nc5 {[%clk 0:00:24]} Ndxc5 {[%clk 0:00:57]} 24. bxc5
{[%clk 0:00:25]} Bb8 {[%clk 0:00:53]} 25. Rb1 {[%clk 0:00:16]} Qc7
{[%clk 0:00:47]} 26. g3 {[%clk 0:00:13]} Bxf3 {[%clk 0:00:45]} 27. Qxf3
{[%clk 0:00:12]} Nd2 {[%clk 0:00:45]} 28. Qe2 {[%clk 0:00:10]} Nxb1
{[%clk 0:00:44]} 29. Rxb1 {[%clk 0:00:11]} Qe7 {[%clk 0:00:39]} 30. Bc3
{[%clk 0:00:05]} Rf7 {[%clk 0:00:35]} 31. Qh5 {[%clk 0:00:04]} Qf6
{[%clk 0:00:28]} 32. Ba5 {[%clk 0:00:03]} Qg5 {[%clk 0:00:19]} 33. Qf3
{[%clk 0:00:03]} f4 {[%clk 0:00:17]} 34. h4 {[%clk 0:00:03]} Qf6 {[%clk 0:00:15]}
35. Qxf4 {[%clk 0:00:03]} Qxf4 {[%clk 0:00:15]} 36. gxf4 {[%clk 0:00:04]} Bc7
{[%clk 0:00:11]} 37. Bxc7 {[%clk 0:00:03]} Rxc7 {[%clk 0:00:12]} 38. Kh2
{[%clk 0:00:05]} Rf7 {[%clk 0:00:11]} 39. Bg6 {[%clk 0:00:05]} Rfe7
{[%clk 0:00:09]} 40. Bxe8 {[%clk 0:00:06]} Rxe8 {[%clk 0:00:09]} 41. Rxb7
{[%clk 0:00:07]} Re6 {[%clk 0:00:08]} 42. Rb6 {[%clk 0:00:09]} 1-0

[Event "Blitz 2018"]
[Site "Saint-Petersburg"]
[Date "2018.12.29"]
[Round "12"]
[Board "3"]
[White "Giri Anish (NED)"]
[Black "Aronian Levon (ARM)"]
[Result "1-0"]
[BlackElo "2858"]
[WhiteElo "2751"]
[LiveChessVersion "1.4.8"]

1. Nf3 {[%clk 0:03:03]} d5 {[%clk 0:03:03]} 2. g3 {[%clk 0:03:04]} Nf6
{[%clk 0:03:04]} 3. Bg2 {[%clk 0:03:06]} Bf5 {[%clk 0:03:03]} 4. c4
{[%clk 0:03:06]} c6 {[%clk 0:03:04]} 5. Qb3 {[%clk 0:03:05]} Qb6 {[%clk 0:03:04]}
6. d3 {[%clk 0:03:05]} e6 {[%clk 0:02:58]} 7. Be3 {[%clk 0:02:59]} Qxb3
{[%clk 0:02:58]} 8. axb3 {[%clk 0:03:00]} a6 {[%clk 0:03:00]} 9. Bd2
{[%clk 0:02:49]} Nbd7 {[%clk 0:02:57]} 10. Bc3 {[%clk 0:02:50]} Be7
{[%clk 0:02:22]} 11. Nbd2 {[%clk 0:02:50]} c5 {[%clk 0:02:03]} 12. Ne5
{[%clk 0:02:22]} d4 {[%clk 0:01:26]} 13. Nxd7 {[%clk 0:02:22]} Nxd7
{[%clk 0:01:07]} 14. Ba5 {[%clk 0:02:20]} Ra7 {[%clk 0:01:08]} 15. Nb1
{[%clk 0:01:49]} b6 {[%clk 0:00:43]} 16. Bd2 {[%clk 0:01:50]} Ne5
{[%clk 0:00:44]} 17. Na3 {[%clk 0:01:36]} Rc7 {[%clk 0:00:39]} 18. Bf4
{[%clk 0:01:37]} Bf6 {[%clk 0:00:28]} 19. Nb5 {[%clk 0:01:10]} axb5
{[%clk 0:00:19]} 20. Ra8+ {[%clk 0:01:09]} Ke7 {[%clk 0:00:09]} 21. Rxh8 Ra7 22.
O-O {[%clk 0:00:44]} Ra2 {[%clk 0:00:07]} 23. Bxe5 {[%clk 0:00:38]} Bxe5
{[%clk 0:00:09]} 24. Rb1 {[%clk 0:00:38]} b4 {[%clk 0:00:06]} 25. h3
{[%clk 0:00:36]} g5 {[%clk 0:00:06]} 26. Rg8 {[%clk 0:00:37]} Bg6
{[%clk 0:00:06]} 27. Bc6 {[%clk 0:00:38]} Kd6 {[%clk 0:00:06]} 28. Bb5
{[%clk 0:00:38]} f5 {[%clk 0:00:04]} 29. Rc8 {[%clk 0:00:37]} Ke7
{[%clk 0:00:04]} 30. Rc6 {[%clk 0:00:38]} f4 {[%clk 0:00:05]} 31. gxf4
{[%clk 0:00:37]} gxf4 {[%clk 0:00:06]} 32. f3 {[%clk 0:00:38]} Bf5
{[%clk 0:00:04]} 33. Kh2 {[%clk 0:00:38]} Bf6 {[%clk 0:00:04]} 34. Rxb6
{[%clk 0:00:39]} Bh4 {[%clk 0:00:06]} 35. Ra6 {[%clk 0:00:39]} Rxa6
{[%clk 0:00:06]} 36. Bxa6 {[%clk 0:00:40]} Kd6 {[%clk 0:00:04]} 37. Bb7
{[%clk 0:00:41]} e5 {[%clk 0:00:04]} 38. Be4 {[%clk 0:00:42]} Bxe4
{[%clk 0:00:03]} 39. fxe4 {[%clk 0:00:43]} Bg3+ {[%clk 0:00:03]} 40. Kg2 h5 41.
Ra1 {[%clk 0:00:45]} Kc6 {[%clk 0:00:05]} 42. Ra6+ {[%clk 0:00:46]} Kb7
{[%clk 0:00:06]} 43. Rh6 {[%clk 0:00:47]} h4 {[%clk 0:00:06]} 44. Kf3
{[%clk 0:00:48]} Be1 {[%clk 0:00:07]} 45. Re6 {[%clk 0:00:48]} 1-0

[Event "Blitz 2018"]
[Site "Saint-Petersburg"]
[Date "2018.12.29"]
[Round "12"]
[Board "4"]
[White "Le Quang Liem (VIE)"]
[Black "Nepomniachtchi Ian (RUS)"]
[Result "0-1"]
[BlackElo "2846"]
[WhiteElo "2749"]
[LiveChessVersion "1.4.8"]

1. c4 {[%clk 0:03:03]} e5 {[%clk 0:03:03]} 2. g3 {[%clk 0:03:03]} Nc6
{[%clk 0:03:01]} 3. Bg2 {[%clk 0:03:04]} h5 {[%clk 0:03:03]} 4. h3
{[%clk 0:02:58]} Bc5 {[%clk 0:03:00]} 5. Nc3 {[%clk 0:02:57]} d6 {[%clk 0:03:01]}
6. e3 {[%clk 0:02:50]} Be6 {[%clk 0:03:01]} 7. b3 {[%clk 0:02:37]} Nge7
{[%clk 0:03:02]} 8. Nge2 {[%clk 0:02:37]} d5 {[%clk 0:02:57]} 9. d4
{[%clk 0:02:30]} exd4 {[%clk 0:02:56]} 10. exd4 {[%clk 0:02:31]} Bb4
{[%clk 0:02:56]} 11. O-O {[%clk 0:02:31]} Qd7 {[%clk 0:02:42]} 12. cxd5
{[%clk 0:02:07]} Nxd5 {[%clk 0:02:41]} 13. Nxd5 {[%clk 0:02:07]} Bxd5
{[%clk 0:02:43]} 14. Bxd5 {[%clk 0:01:51]} Qxd5 {[%clk 0:02:44]} 15. Nf4
{[%clk 0:01:52]} Qf5 {[%clk 0:02:45]} 16. d5 {[%clk 0:01:20]} Ne5
{[%clk 0:02:35]} 17. Bb2 {[%clk 0:01:11]} O-O-O {[%clk 0:02:21]} 18. Qb1
{[%clk 0:00:59]} Qxb1 {[%clk 0:02:17]} 19. Rfxb1 {[%clk 0:01:00]} Bd6
{[%clk 0:02:10]} 20. Rd1 {[%clk 0:00:49]} h4 {[%clk 0:02:11]} 21. Kg2
{[%clk 0:00:46]} hxg3 {[%clk 0:02:06]} 22. fxg3 {[%clk 0:00:47]} Rhe8
{[%clk 0:02:07]} 23. Rd2 {[%clk 0:00:39]} g5 {[%clk 0:01:56]} 24. Nh5
{[%clk 0:00:38]} g4 {[%clk 0:01:58]} 25. Bxe5 {[%clk 0:00:30]} gxh3+
{[%clk 0:01:56]} 26. Kxh3 {[%clk 0:00:31]} Rxe5 {[%clk 0:01:54]} 27. Nf4
{[%clk 0:00:27]} Rg5 {[%clk 0:01:55]} 28. Rf1 {[%clk 0:00:25]} b5
{[%clk 0:01:38]} 29. Rd3 {[%clk 0:00:24]} Re8 {[%clk 0:01:35]} 30. Kg2
{[%clk 0:00:23]} Kb7 {[%clk 0:01:36]} 31. Rf2 {[%clk 0:00:20]} a5
{[%clk 0:01:37]} 32. Nh3 {[%clk 0:00:12]} Rg7 {[%clk 0:01:34]} 33. Nf4
{[%clk 0:00:13]} Re5 {[%clk 0:01:35]} 34. Rdf3 {[%clk 0:00:07]} Reg5
{[%clk 0:01:34]} 35. Rd3 {[%clk 0:00:07]} Kb6 {[%clk 0:01:32]} 36. Ne2
{[%clk 0:00:06]} Kc5 {[%clk 0:01:29]} 37. a3 {[%clk 0:00:05]} Rxd5
{[%clk 0:01:25]} 38. Rxd5+ {[%clk 0:00:04]} Kxd5 {[%clk 0:01:26]} 39. Rf5+
{[%clk 0:00:04]} Be5 {[%clk 0:01:25]} 40. Kf3 {[%clk 0:00:05]} Ke6
{[%clk 0:01:13]} 41. g4 {[%clk 0:00:05]} c6 {[%clk 0:01:14]} 42. Nf4+
{[%clk 0:00:05]} Bxf4 {[%clk 0:01:15]} 43. Kxf4 {[%clk 0:00:06]} Rh7
{[%clk 0:01:15]} 44. a4 {[%clk 0:00:07]} b4 {[%clk 0:01:08]} 45. Rxa5
{[%clk 0:00:04]} Rh3 {[%clk 0:01:10]} 46. Ra6 {[%clk 0:00:04]} Kd6
{[%clk 0:01:09]} 47. Ra7 {[%clk 0:00:06]} Rxb3 {[%clk 0:01:09]} 48. Rxf7
{[%clk 0:00:06]} Rb1 {[%clk 0:01:11]} 49. Ke3 {[%clk 0:00:07]} c5
{[%clk 0:01:08]} 50. Kd3 {[%clk 0:00:08]} Rb3+ {[%clk 0:01:07]} 51. Kc2
{[%clk 0:00:05]} Rg3 {[%clk 0:01:07]} 52. Rg7 {[%clk 0:00:06]} c4
{[%clk 0:01:07]} 53. a5 {[%clk 0:00:07]} Rg2+ {[%clk 0:01:08]} 54. Kd1
{[%clk 0:00:08]} b3 {[%clk 0:01:09]} 55. a6 {[%clk 0:00:09]} b2 {[%clk 0:01:09]}
56. Rb7 {[%clk 0:00:10]} c3 {[%clk 0:01:11]} 57. Rb6+ {[%clk 0:00:06]} Ke5 0-1

[Event "Blitz 2018"]
[Site "Saint-Petersburg"]
[Date "2018.12.29"]
[Round "12"]
[Board "5"]
[White "Jobava Baadur (GEO)"]
[Black "Svidler Peter (RUS)"]
[Result "0-1"]
[LiveChessVersion "1.4.8"]
[BlackElo "2770"]
[WhiteElo "2705"]

1. b3 {[%clk 0:03:03]} e5 {[%clk 0:03:00]} 2. Bb2 {[%clk 0:03:04]} Nc6
{[%clk 0:03:01]} 3. e3 {[%clk 0:03:05]} g6 {[%clk 0:03:02]} 4. h4
{[%clk 0:03:04]} h5 {[%clk 0:02:57]} 5. c4 {[%clk 0:03:04]} Bg7 {[%clk 0:02:57]}
6. Nf3 {[%clk 0:03:04]} d6 {[%clk 0:02:55]} 7. d3 {[%clk 0:03:03]} Nf6
{[%clk 0:02:53]} 8. Nc3 {[%clk 0:03:02]} a6 {[%clk 0:02:51]} 9. Be2
{[%clk 0:02:58]} Ne7 {[%clk 0:02:45]} 10. Qc2 {[%clk 0:02:52]} Nf5
{[%clk 0:02:40]} 11. O-O-O {[%clk 0:02:47]} Ng4 {[%clk 0:02:37]} 12. Ne4
{[%clk 0:02:47]} O-O {[%clk 0:02:14]} 13. Nfg5 {[%clk 0:02:40]} c6
{[%clk 0:02:02]} 14. Bxg4 {[%clk 0:01:09]} hxg4 {[%clk 0:02:03]} 15. h5
{[%clk 0:00:34]} f6 {[%clk 0:02:01]} 16. hxg6 {[%clk 0:00:34]} fxg5
{[%clk 0:02:02]} 17. Rh5 {[%clk 0:00:35]} Qe8 {[%clk 0:01:57]} 18. Rdh1
{[%clk 0:00:33]} d5 {[%clk 0:01:45]} 19. cxd5 {[%clk 0:00:34]} cxd5
{[%clk 0:01:46]} 20. Qc7 {[%clk 0:00:29]} Bd7 {[%clk 0:01:47]} 21. Kb1
{[%clk 0:00:13]} dxe4 {[%clk 0:01:44]} 22. dxe4 {[%clk 0:00:14]} Nh4
{[%clk 0:01:40]} 23. Rxg5 {[%clk 0:00:13]} Rc8 {[%clk 0:01:34]} 24. Qd6
{[%clk 0:00:14]} Rc6 {[%clk 0:01:35]} 25. Qd3 {[%clk 0:00:06]} Nxg6
{[%clk 0:01:33]} 26. f4 {[%clk 0:00:03]} gxf3 {[%clk 0:01:29]} 27. gxf3
{[%clk 0:00:05]} Rxf3 {[%clk 0:01:28]} 28. Rhg1 {[%clk 0:00:06]} Qf7
{[%clk 0:01:20]} 29. Qd5 {[%clk 0:00:04]} Qxd5 {[%clk 0:01:19]} 30. exd5
{[%clk 0:00:05]} Rcf6 {[%clk 0:01:16]} 0-1